Ley sobre la Universidad

Texto de la nueva legislación por medio de la cual se reorganiza la Universidad de Panamá - Se divide en los siguientes capítulos: Carácter y fines de la universidad, órganos colegiados de gobierno, funcionarios superiores de la universidad, régimen académico, personal docente y de investigación, pe...

Disgrifiad llawn

Wedi'i Gadw mewn:
Manylion Llyfryddiaeth
Awdur Corfforaethol: Universidad de Panamá
Fformat: Texto
Cyhoeddwyd: Panamá
Tagiau: Ychwanegu Tag
Dim Tagiau, Byddwch y cyntaf i dagio'r cofnod hwn!

MARC

LEADER 00000 a a2200000 04500
001 20458
003
040
090 |a 085700  
110 |a Universidad de Panamá  
245 |a Ley sobre la Universidad  
260 |a Panamá  
300 |a 4 p.  
520 |a Texto de la nueva legislación por medio de la cual se reorganiza la Universidad de Panamá - Se divide en los siguientes capítulos: Carácter y fines de la universidad, órganos colegiados de gobierno, funcionarios superiores de la universidad, régimen académico, personal docente y de investigación, personal administrativo, estudiantes, patrimonio universitario, jubilación, régimen disciplinario, y disposiciones especiales y transitorias  
999 |c 15807  |d 15807